The Joys of research /

Bibliographic Details
Corporate Author: Smithsonian Institution
Other Authors: Shropshire, Walter, Einstein, Albert, 1879-1955
Format: Book
Language:English
Published: Washington, D.C. : Smithsonian Institution Press, 1981.
Subjects:

MARC

Tag First Indicator Second Indicator Subfields
LEADER 00000pam a2200000 a 4500
001 in00000089606
005 20151008065433.0
008 810722s1981 dcua b f11100 eng
010 |a  81009347  
020 |a 0874748585 
020 |a 0874748577 (pbk.) 
035 |a (OCoLC)07672002 
035 |9 AAK5946AM 
039 0 |a 2  |b 3  |c 3  |d 3  |e 3 
040 |a DLC  |c DLC  |d TXA  |d UtOrBLW 
049 |a TXAM  |c [388191] 
050 0 0 |a Q179.9  |b .J69 1981 
082 0 |a 001.4  |2 19 
245 0 4 |a The Joys of research /  |c Walter Shropshire, Jr., editor. 
264 1 |a Washington, D.C. :  |b Smithsonian Institution Press,  |c 1981. 
300 |a 179 pages :  |b illustrations ;  |c 24 cm. 
336 |a text  |b txt  |2 rdacontent 
337 |a unmediated  |b n  |2 rdamedia 
338 |a volume  |b nc  |2 rdacarrier 
500 |a Talks presented at a colloquium celebrating the centennial of the birth of Albert Einstein, held Mar. 16-17, 1979 at the Smithsonian Institution, Washington, D.C. 
504 |a Includes bibliographical references and index. 
505 0 |a Einstein and research / Paul Forman -- Biochemical pharmacology / Julius Axelrod -- Mathematics / I.M. Singer -- Oncology and virology / Howard M. Temin -- Theoretical astrophysics / George B. Field -- "On first hearing" : the act of creation in music / William Schuman -- Biomedical investigation / Rosalyn S. Yalow -- Geophysics / J. Tuzo Wilson -- Chemistry / Linus Pauling -- Evolutionary biology / Ernest Mayr. 
600 1 0 |a Einstein, Albert,  |d 1879-1955  |x Anniversaries, etc. 
650 0 |a Research  |v Congresses. 
650 0 |a Science  |v Congresses. 
700 1 |a Shropshire, Walter. 
700 1 |a Einstein, Albert,  |d 1879-1955. 
710 2 |a Smithsonian Institution. 
999 |a MARS 
999 f f |s d4639e2e-a9fa-3a60-abb9-24275580e61b  |i b63f6f3f-c850-31b6-94c9-4d26be4f2e46  |t 0 
952 f f |p ric  |a Texas A&M University  |b Rellis Campus  |c Joint Library Facility  |d Remote Storage  |t 0  |e Q179.9 .J69 1981  |h Library of Congress classification  |i unmediated -- volume  |m A14806199480 
998 f f |a Q179.9 .J69 1981  |t 0  |l Remote Storage